[Event "Corus"]
[Site "Wijk aan Zee"]
[Date "2006.01.24"]
[Round "9"]
[White "Kamsky, Gata"]
[Black "Adams, Michael"]
[Result "0-1"]
[WhiteElo "2686"]
[BlackElo "2707"]
[Annotator "Ftacnik,L"]
[PlyCount "80"]
[EventDate "2006.01.14"]
[EventType "tourn"]
[EventRounds "13"]
[EventCountry "NED"]
[EventCategory "19"]
[SourceTitle "CBM 111"]
[Source "ChessBase"]
[SourceDate "2006.04.04"]
[SourceVersion "1"]
[SourceVersionDate "2006.04.04"]
[SourceQuality "1"]

1. d4 Nf6 2. c4 e6 3. Nf3 b6 4. g3 Bb7 5. Bg2 Be7 6. Nc3 O-O 7. Qc2 c5 8. d5
exd5 9. Nh4 b5 $1 10. b3 $2 {Kamsky was taken by surprize and his reaction is
pretty meek. Black will quickly get advantage as his development after 10...
Nc6! is complete and white struggles to get some piece coordination.} (10. cxb5
Qb6 (10... a6 11. Nf5 axb5 12. Bg5 Na6 13. Nxb5 Bc6 14. Nc3 h6 15. Bxf6 Bxf6
16. O-O Bxc3 17. bxc3 Qf6 18. Rfd1 Nc7 19. a4 Ra5 20. c4 Rfa8 21. cxd5 Nxd5 22.
Bxd5 Bxd5 23. Ne7+ Qxe7 24. Rxd5 {1/2-1/2 Sturua,Z (2600)-Mchedlishvili,M 
(2416)/Batumi 2001}) 11. Nf5 Re8 12. a4 d4 13. a5 Qc7 14. Ne4 Nxe4 15. Bxe4 Bf8
16. Bf4 Qc8 17. Bxb7 Qxb7 18. O-O Qxb5 19. e3 d3 20. Qc3 c4 21. Nd4 Qb4 {
0-1 Avrukh,B (2525)-Stefansson,H (2540)/Antwerp 1998 (41)}) 10... Nc6 $1 11.
Nxb5 (11. cxd5 Nd4 12. Qd3 b4 13. Na4 Nxd5 14. Bb2 Re8 15. Bxd4 cxd4 16. Nf5
Qc7 17. O-O Nc3 $17) 11... d4 12. O-O (12. Bd2 a6 13. Na3 Nb4 14. Qf5 Bxg2 15.
Nxg2 g6 $17) 12... Nb4 13. Qb1 (13. Qf5 $5 Bxg2 (13... g6 14. Qf4 Bxg2 15. Nxg2
a6 16. Na3 d5 $15) 14. Nxg2 a6 15. Na3 d5 $15) 13... Bxg2 14. Nxg2 d5 $1 {
Naturally Adams is not losing time and opens up the center when white pieces
are not controlling it.} 15. Qf5 (15. cxd5 Nfxd5 16. a3 Qb6 17. Nxd4 Nc3 18.
Qb2 cxd4 19. axb4 Bxb4 $17) 15... dxc4 16. bxc4 a6 17. Na3 Re8 18. Re1 (18. Qf3
Qd7 19. Nf4 Bd6 $17) 18... Qa5 {White knights are cutting a very depressing
picture.} 19. Qf3 (19. Bb2 Rab8 20. Qf3 Nc2 21. Nxc2 Rxb2 22. Qd3 Ng4 $17)
19... Bd6 20. e4 Rad8 $1 (20... Nd7 21. Bd2 Ne5 22. Qb3 Qb6 23. f4 Ned3 24.
Bxb4 Nxb4 25. Nc2 Qc6 $17) 21. Bb2 (21. Bd2 d3 22. Nc2 dxc2 23. a3 Be5 24. axb4
Qxa1 25. Rxa1 Bxa1 26. Qe2 (26. Qe3 Rxe4 $19) 26... Bc3 $19) 21... Re5 (21...
Nc6 22. Rad1 Rb8 23. Bc1 Ne5 24. Qe2 Qc3 25. Kh1 Qf3 $19) 22. Re2 Rde8 23. Rae1
R5e6 {Adams is often playing on feeling, there was nothing wrong with a direct
win of a pawn 23...Nxa2!?} (23... Nxa2 $5 24. Qb3 Nb4 25. f3 Qc7 $17) 24. Bc1 (
24. Nf4 Bxf4 25. gxf4 d3 26. Re3 d2 27. Rd1 Nxe4 $17) 24... d3 25. Re3 (25. Rd2
Nxe4 $19) 25... Be5 26. Nf4 (26. Rxd3 Nxd3 27. Qxd3 Bd4 $19) 26... Bxf4 27.
gxf4 {Kamsky has to play daring moves, since the normal ideas are already
falling short of expectations.} (27. Qxf4 Nxa2 28. Nb1 Nxc1 29. Rxc1 Rxe4 $19)
27... Nxa2 28. e5 (28. f5 Rxe4 29. Rxe4 Rxe4 30. Rxe4 Nxc1 31. Re3 h5 32. Nb1
Qb4 $19) 28... Ng4 $1 29. f5 (29. Qxg4 Rg6 30. Qxg6 hxg6 $19) 29... Nxe3 30.
Rxe3 (30. fxe6 $4 Qxe1#) 30... Rb6 31. f6 Nxc1 32. e6 Ne2+ 33. Kg2 Rbxe6 {
Black already had a possibility to play for direct attack as white
counteraction was easy to refute.} (33... Qe1 34. exf7+ Kxf7 35. Qd5+ (35.
fxg7+ Kxg7 36. Rxe8 Qg1+ 37. Kh3 Rh6+ $19) 35... Rbe6 36. Qd7+ R8e7 37. fxe7
Qg1+ 38. Kf3 Qh1+ 39. Kg4 Qg2+ 40. Rg3 Qe4+ $19) 34. Rxe6 Qd8 $1 {Covering the
basic rank and easily deciding the issue.} (34... Rd8 35. Re3 Qe1 36. Rxd3 Qg1+
37. Kh3 Rxd3 38. Qxd3 Nf4+ $19) 35. Rxe8+ Qxe8 36. Qg4 (36. Kf1 Qd8 37. Nb1
gxf6 $19) 36... g6 37. Nb1 Qc6+ 38. f3 Qxf6 39. Nd2 Qb2 40. Qg5 Nd4 0-1

[Event "Corus"]
[Site "Wijk aan Zee"]
[Date "2006.01.25"]
[Round "10"]
[White "Bacrot, Etienne"]
[Black "Kamsky, Gata"]
[Result "1-0"]
[WhiteElo "2717"]
[BlackElo "2686"]
[Annotator "Kritz,L"]
[PlyCount "91"]
[EventDate "2006.01.14"]
[EventType "tourn"]
[EventRounds "13"]
[EventCountry "NED"]
[EventCategory "19"]
[SourceTitle "CBM 111"]
[Source "ChessBase"]
[SourceDate "2006.04.04"]
[SourceVersion "1"]
[SourceVersionDate "2006.04.04"]
[SourceQuality "1"]

1. e4 c5 2. Nf3 e6 3. d4 cxd4 4. Nxd4 a6 5. Bd3 d5 $6 {Diese Variante ist
einfach schlecht spielbar und führt zu einer sehr schweren Stellung.
Stattdessen werden die folgenden Fortsetzungen öfters gespielt:} (5... Bc5 6.
Nb3 Be7 (6... Ba7)) (5... Nc6 6. Nxc6 dxc6 7. O-O) (5... Nf6 6. O-O Qc7 7. Qe2
d6) 6. exd5 Qxd5 (6... exd5 $2 {ist kein Mal gespielt worden und das auch
zurecht} 7. O-O Nf6 8. Re1+ (8. Bg5 $5 Be7 9. Nc3 O-O 10. Re1 $16) 8... Be7 9.
Qe2 Nc6 10. Nxc6 bxc6 11. Nd2 Be6 (11... Ra7 12. Nb3 O-O 13. Be3 Ra8 14. Bd4
$16) (11... Bg4 12. Nf3 Bxf3 13. Qxf3 O-O 14. Bg5 $16) 12. Nf3 O-O 13. Nd4 $16
{Weiß hat in allen Varianten einen sehr großen Entwicklungsvorteil und starke
Initiative. Dabei hat Schwarz gar kein Spiel.}) 7. Nc3 (7. O-O {wird öfters
gespielt, um das Nehmen auf g2 zu verhindern} Nf6 8. Nc3 Qd6 (8... Qd8 9. Bf4
Be7 10. Be2 Bd7 11. Bf3 $16) (8... Qxd4 $4 9. Bb5+ $18) 9. Be3 Be7 10. Qf3 O-O
11. Rad1 $16) 7... Qe5+ $2 {Das ist wohl das schlechteste Feld für die Dame.
Wie man später sehen wird, ist sie hier den taktischen Überfällen ausgeliefert.
} (7... Qxg2 {ist die einzige Möglichkeit, das Spiel zu verschärfen, ansonsten
steht Schwarz im besten Fall "nur" schlecht} 8. Be4 Qh3 9. Qe2 (9. Bg5 Nd7 10.
Qd2 h6 11. Be3 Ngf6 $13) (9. Bf4 Ba3 $3 10. Na4 Bxb2 11. Nxb2 Qc3+ 12. Qd2 Qxb2
13. O-O Nf6 $13) 9... Nf6 10. Bf3 Bc5 11. Be3 O-O (11... e5 12. Ndb5 axb5 (
12... Bxe3 13. Nc7+ Kd8 14. Nxa8 Ba7 15. O-O-O+ Nbd7 16. Qxe5 Qxf3 17. Qc7+ Ke7
18. Rhe1+ $18) 13. Bxc5 Nbd7 14. Bb4 $16) 12. O-O-O $44 {Natürlich hat Weiß
starke Initiative, aber das hat er überall nach 5....d5.}) (7... Qd6 8. O-O Nf6
{->7.0-0}) (7... Qd8 8. O-O Nf6 {->7.0-0}) (7... Qxd4 $4 8. Bb5+ $18) 8. Be3
Nf6 9. O-O Bc5 $6 (9... Be7 {Wäre vorsichtiger gewesen.} 10. Re1 Qc7 11. Qf3
O-O 12. Rad1 $16) 10. Re1 O-O 11. Na4 $1 {Gewinnt forciert Material.} Ba7 (
11... Be7 12. Nf3 Qc7 13. Nb6 $18) (11... Bxd4 12. Bxd4 Qc7 (12... Qxd4 13.
Bxh7+ Nxh7 14. Qxd4 $18) 13. Nb6 $18) (11... Nbd7 12. Nxe6 $1 Qxe6 13. Bxc5 $18
) 12. Nxe6 $1 fxe6 (12... Bxe6 13. Bxa7 Qf4 14. Bd4 Ng4 15. g3 Qh6 16. h4 Nc6
17. Bc3 $18) (12... Bxe3 13. Rxe3 $18) 13. Bxa7 $16 {Weiß hat einen Mehrbauer
und das Läuferpaar.} Qf4 14. Bd4 Nc6 15. Bxf6 Rxf6 16. Be4 Qxf2+ 17. Kh1 Ne5
18. Qd8+ Rf8 19. Qg5 Bd7 20. Qxe5 Bxa4 21. Bxb7 Rab8 22. Bxa6 Kh8 23. b3 Bc6
24. Qg3 Qa7 25. Bd3 Rf2 26. Rg1 Rbf8 27. Raf1 Kg8 28. Rxf2 Rxf2 29. Qh3 Kf7 30.
Bc4 Qe7 31. Qe3 Rxc2 32. Rf1+ Ke8 33. Rf2 Rxf2 34. Qxf2 e5 35. h3 Qg5 36. Kh2
e4 37. Qg3 Qh6 38. Qe5+ Kd7 39. Bd5 e3 40. Bxc6+ Kxc6 41. Kg3 Qg6+ 42. Kf3 Qc2
43. Qe6+ Kb7 44. Qd7+ Kb8 45. Qb5+ Ka7 46. Qe2 1-0

[Event "Corus"]
[Site "Wijk aan Zee"]
[Date "2006.01.27"]
[Round "11"]
[White "Kamsky, Gata"]
[Black "Van Wely, Loek"]
[Result "1-0"]
[WhiteElo "2686"]
[BlackElo "2647"]
[Annotator "Ftacnik,L"]
[PlyCount "101"]
[EventDate "2006.01.14"]
[EventType "tourn"]
[EventRounds "13"]
[EventCountry "NED"]
[EventCategory "19"]
[SourceTitle "CBM 111"]
[Source "ChessBase"]
[SourceDate "2006.04.04"]
[SourceVersion "1"]
[SourceVersionDate "2006.04.04"]
[SourceQuality "1"]

1. e4 c5 2. Nf3 e6 3. d4 cxd4 4. Nxd4 Nf6 5. Nc3 d6 6. Be2 a6 7. O-O Be7 8. a4
Nc6 9. Be3 O-O 10. f4 Qc7 11. Kh1 Re8 12. Qe1 Nxd4 13. Bxd4 e5 14. Be3 exf4 15.
Bxf4 Be6 16. a5 {Somewhat new concept in this line, Kamsky is fixing the pawn
on b7 and will try to treat the position rather strategically.} (16. Qd2 Rad8 (
16... Rac8 17. Bf3 Red8 18. a5 Nd7 19. Nd5 Bxd5 20. Qxd5 Ne5 21. Bxe5 dxe5 22.
Qb3 Rd2 {1/2-1/2 Barle,J (2430)-Portisch,L (2635)/Ljubljana 1985 (28)}) 17. Bf3
Nd7 18. Nd5 Bxd5 19. exd5 {1/2-1/2 Tukmakov,V (2570)-Ribli,Z (2525)/Amsterdam
1974}) (16. Qg3 Nd7 17. Bd3 (17. Be3 Bf8 18. Rf2 g6 19. Bd4 Ne5 20. a5 Bg7 21.
Bb6 Qe7 22. Rd1 Rac8 {1/2-1/2 Klovans,J (2490)-Magerramov,E (2435)/Moscow 1979
(32)}) 17... Ne5 18. Nd5 Bxd5 19. exd5 Nxd3 20. Qxd3 Bf6 21. c3 Be5 22. Rae1
Bxf4 23. Rxe8+ Rxe8 24. Rxf4 Re1+ 25. Rf1 Re5 {1/2-1/2 Iskov,G (2360)-Ftacnik,
L (2595)/Berlin West 1984 (39)}) 16... Nd7 17. Qg3 Ne5 18. Be3 Bf8 19. Bb6 Qc6
(19... Qc8 20. Rad1 $14) 20. Bd3 g6 21. Ne2 $1 {A fine manouver of the knight
to d4 from where he will address the bishop e6.} Bg7 (21... Nxd3 22. cxd3 Qc2
23. Nd4 Qxb2 24. Qf4 Kh8 25. Nf3 Qb5 26. Bd4+ Bg7 27. Bxg7+ Kxg7 28. d4 $16)
22. Nd4 Qd7 23. Rad1 Rac8 (23... Nc4 24. Bxc4 Bxc4 25. Rfe1 Be5 26. Qf3 Be6 27.
h3 Rac8 28. b3 $14) 24. b3 Bg4 25. Rd2 Nxd3 26. Qxd3 d5 (26... Qe7 27. h3 Bd7
28. Re2 Qe5 29. c4 $14) 27. h3 dxe4 $2 {Van Wely did not have a sound answer
to white's deep strategy of central pressure, so he might as well have used
the chance to complicate matters with great tactical shot 27...Bh6!?} (27...
Bh6 $5 28. hxg4 (28. Rdf2 dxe4 29. Qg3 Be6 30. Nxe6 Qxe6 $15) 28... dxe4 29.
Qe2 Bxd2 30. Qxd2 Qxg4 31. Qf2 f5 32. Qe3 Re5 $13) 28. Qe3 Be6 29. c4 h5 (29...
Be5 30. Qxe4 (30. Nf3 exf3 31. Rxd7 fxg2+ 32. Kxg2 Bxd7 33. Bd4 Bc6+ 34. Kf2
Bg7 35. Qc3 $16) 30... Bb8 31. Qh4 Qd6 32. g4 $14) 30. Nb5 (30. Nf5 $5 Qxd2 31.
Qxd2 Bxf5 32. Qg5 $16) 30... axb5 31. Rxd7 Bxd7 32. Qf4 $6 {This move smacks
of second rate solutions, much better and logical 32.Bd4!? have kept most of
the advantage.} (32. Bd4 $5 Bxd4 33. Qxd4 Bc6 34. cxb5 Bxb5 35. Re1 $16) 32...
Be6 33. cxb5 Bxb3 34. Be3 (34. Re1 f5 35. Qd6 Bf7 36. Qd7 Rb8 37. Ba7 $16)
34... Bc4 35. Rc1 (35. Rb1 Bd3 36. Rb3 Bc4 37. Rb4 Bc3 38. Rb1 Bd3 $11) 35...
Bxb5 36. Rxc8 Rxc8 37. Qxe4 Bc6 (37... Ba6 38. Bd4 $14) 38. Qc2 Re8 39. Bf2 Re6
40. Kg1 Be5 41. Qb3 Bf4 42. h4 (42. Qc4 Bc7 43. Qc3 Re2 $11) 42... Re4 43. Qb6
Be5 $2 {Van Wely must have been pretty happy about his luck, it is most
unlikely that white will be able to break the fortress.} (43... Re6 $11) 44.
Qc5 (44. a6 Ra4 45. a7 (45. axb7 Ra1+ 46. Be1 Bxb7 47. Qe3 (47. Qxb7 $2 Bg3 $19
) 47... Bd6 48. Kf1 $11) 45... Ra1+ 46. Be1 Rxe1+ 47. Kf2 Ra1 48. Qd8+ Kg7 49.
a8=Q Rxa8 50. Qxa8 $11) 44... Bc7 $2 (44... Bd7 45. g3 Bg7 $14) 45. a6 $1 Ra4
46. Bd4 $1 {The defender have missed, that apart from troubles with a pawn he
faces other worry- safety of his own king!} Rxa6 (46... bxa6 47. Qxc6 Rxd4 48.
Qxc7 Re4 49. Qc8+ Kg7 50. Qxa6 $18) 47. Qe7 Ba5 (47... Ra4 48. Bc5 Bf4 49. Qf8+
Kh7 50. Qxf7+ Kh8 51. Qxg6 $18) 48. Qe5 Kf8 49. Qd6+ Ke8 (49... Kg8 50. Qb8+
$18) 50. Bf6 Bb6+ 51. Kh2 1-0

[Event "USA-ch GpB"]
[Site "San Diego"]
[Date "2006.03.05"]
[Round "3"]
[White "Becerra Rivero, Julio"]
[Black "Kamsky, Gata"]
[Result "1/2-1/2"]
[WhiteElo "2556"]
[BlackElo "2686"]
[PlyCount "75"]
[EventDate "2006.03.02"]
[EventType "swiss"]
[EventRounds "9"]
[EventCountry "USA"]
[SourceTitle "CBM 112"]
[Source "ChessBase"]
[SourceDate "2006.06.07"]
[SourceVersion "1"]
[SourceVersionDate "2006.06.07"]
[SourceQuality "1"]

1. e4 e5 2. Nf3 Nc6 3. Bb5 a6 4. Ba4 Nf6 5. O-O Be7 6. Re1 b5 7. Bb3 O-O 8. d4
d6 9. c3 Bg4 10. d5 Na5 11. Bc2 c6 12. h3 Bc8 13. dxc6 Qc7 14. Nbd2 Qxc6 15.
Nf1 Re8 16. Ng3 Nc4 17. a4 Be6 18. Ng5 Bd7 19. b3 Na5 20. Bd2 Qc7 21. axb5 axb5
22. Qe2 h6 23. Nf3 Be6 24. Reb1 Reb8 25. Nh2 Qb7 26. Ng4 Nc6 27. b4 Nxg4 28.
hxg4 Rxa1 29. Rxa1 Qc8 30. Bd1 d5 31. exd5 Bxd5 32. Nf5 Bf8 33. Ne3 Be6 34. Bc2
Ne7 35. Be1 Qc6 36. Rd1 g6 37. Qd3 Bg7 38. Qd6 1/2-1/2

[Event "USA-ch GpB"]
[Site "San Diego"]
[Date "2006.03.06"]
[Round "4"]
[White "Kamsky, Gata"]
[Black "Christiansen, Larry Mark"]
[Result "1/2-1/2"]
[WhiteElo "2686"]
[BlackElo "2546"]
[Annotator "Cox,J"]
[PlyCount "60"]
[EventDate "2006.03.02"]
[EventType "swiss"]
[EventRounds "9"]
[EventCountry "USA"]
[SourceTitle "CBM 112"]
[Source "ChessBase"]
[SourceDate "2006.06.07"]
[SourceVersion "1"]
[SourceVersionDate "2006.06.07"]
[SourceQuality "1"]

1. e4 Nf6 2. e5 Nd5 3. d4 d6 4. Nf3 Bg4 5. Be2 e6 6. O-O Be7 7. Re1 {A
non-crit ical move, although it is played occasionally. It's strange that
Kamsky should avoid a theoretical debate in this variation, since White has a
number of quite well-regarded lines. Of course Christiansen doesn't usually
play the Alekhine and when faced with an opening the opponent doesn't usually
play choosing a sideline is a very classical recipe.} O-O 8. Nbd2 Nc6 9. exd6
cxd6 10. c3 Rb8 ({The machine favours the quite tempting} 10... Nf4 11. Bf1 d5
{, but Christiansen characteristically prefers a more fluid approach which is
also a typical method in this structure.}) 11. Nf1 Bh5 ({A typical
prophylactic move. After the immediate} 11... b5 {White could play} 12. Ng3 {
and then oblige Black to give up bishop for knight with h3.}) 12. Bd3 {White
wants to ensure he gets to capture on g6 rather than the exchange happening on
d3, although in the later play he isn't able to make much of this.} b5 {
A precaution before going ...Bg6; the immediate} (12... Bg6 13. Bxg6 hxg6 14.
c4 Nc7 15. d5 {breaks Black's control in the centre.}) 13. Ng3 (13. Be4 {
followed by Bxd5 is an obvious possibility and clearly both players judged it
not to be good, but unfortunately I'm completely unable to explain why not.})
13... Bg6 14. Bxg6 hxg6 15. Qd3 Bf6 16. Qe4 {A move whose idea is revealed on
White's next turn.} ({The computer goes straight for} 16. Ne4 Qc7 17. Nfg5 {
, and this certainly gives Black some splendid opportunities to get horribly
mated, for example} Rfe8 (17... Nce7 {is more sensible and seems to avoid
anything directly disastrous}) 18. Qh3 Bxg5 19. Nxg5 Nf6 20. Re4 Nxe4 21. Qh7+
Kf8 22. Nxe4 f5 23. Ng5 $18) 16... b4 17. h4 ({Sometimes I despair of ever
understanding the first thing about this game. To me} 17. c4 Nde7 18. Bf4 {
looks completely obvious and also a little better for White, but Kamsky has a
different idea.}) 17... bxc3 18. bxc3 Nce7 {Black needs to be a bit careful.
He can't just go straight for the weaknesses with} (18... Rc8 19. h5 Nxc3 20.
Qg4 gxh5 21. Nxh5 {with a crushing attack, for example} Re8 22. Bg5) 19. c4 Nb6
20. Bg5 Nf5 {A solid defensive move. It's not evident that} (20... Nxc4 {
was bad -} 21. Bxf6 gxf6 22. h5 f5 23. Qf4 Nd5 24. Qh6 Qf6 25. hxg6 Qxg6 {
, for example, doesn't achieve anything in particular -, but Christiansen
judges it too risky.}) 21. Nxf5 gxf5 22. Qe2 Rc8 23. Rac1 Bxg5 24. hxg5 g6 $11
25. Rc2 Re8 26. c5 Nd5 27. Qd2 Re7 28. Rec1 Rec7 29. Qa5 Kg7 30. Qd2 Qe7 {
Neither side has a useful plan to improve their position.} 1/2-1/2

[Event "USA-ch GpB"]
[Site "San Diego"]
[Date "2006.03.08"]
[Round "6"]
[White "Batchimeg, Tuvshintugs"]
[Black "Kamsky, Gata"]
[Result "0-1"]
[WhiteElo "2208"]
[BlackElo "2686"]
[PlyCount "86"]
[EventDate "2006.03.02"]
[EventType "swiss"]
[EventRounds "9"]
[EventCountry "USA"]
[SourceTitle "CBM 112"]
[Source "ChessBase"]
[SourceDate "2006.06.07"]
[SourceVersion "1"]
[SourceVersionDate "2006.06.07"]
[SourceQuality "1"]

1. e4 c5 2. Nf3 e6 3. d4 cxd4 4. Nxd4 a6 5. Bd3 g6 6. c4 Bg7 7. Be3 d6 8. O-O
Nf6 9. Nc3 O-O 10. Qe2 Nbd7 11. Rad1 Qc7 12. Nf3 Ng4 13. Bd4 Nde5 14. h3 Nxf3+
15. Qxf3 Bxd4 16. hxg4 Bd7 17. Be2 Qb6 18. Qd3 Be5 19. b3 Rac8 20. Nb1 Rfd8 21.
Kh1 Bc6 22. Bf3 Qa5 23. Qd2 Qc5 24. Rc1 Bf6 25. Qd3 Be8 26. Nd2 b5 27. Qb1 Qd4
28. Rcd1 Qb6 29. Qd3 b4 30. g3 a5 31. Kg2 a4 32. Rb1 axb3 33. Rxb3 Ba4 34. Rbb1
Qc5 35. Rfc1 Bc6 36. Rb3 Ra8 37. Rcb1 Rxa2 38. Rxb4 Kg7 39. R4b3 Ba4 40. Rb5
Bxb5 41. cxb5 Qd4 42. Qxd4 Bxd4 43. Rd1 Rc8 0-1

[Event "USA-ch GpB"]
[Site "San Diego"]
[Date "2006.03.09"]
[Round "7"]
[White "Kamsky, Gata"]
[Black "Novikov, Igor A"]
[Result "1-0"]
[WhiteElo "2686"]
[BlackElo "2575"]
[Annotator "Mueller,Karsten"]
[PlyCount "183"]
[EventDate "2006.03.02"]
[EventType "swiss"]
[EventRounds "9"]
[EventCountry "USA"]
[SourceTitle "CBM 112"]
[Source "ChessBase"]
[SourceDate "2006.06.07"]
[SourceVersion "1"]
[SourceVersionDate "2006.06.07"]
[SourceQuality "1"]

1. e4 c5 2. Nf3 d6 3. d4 cxd4 4. Nxd4 Nf6 5. Nc3 a6 6. Bg5 e6 7. f4 Qb6 8. Nb3
Be7 9. Qf3 Nbd7 10. O-O-O Qc7 11. Bd3 b5 12. Rhe1 b4 13. Ne2 Bb7 14. Ned4 Nc5
15. Kb1 h6 16. Bh4 O-O-O 17. Qf1 Rhe8 18. Nxc5 dxc5 19. Nf3 a5 20. Bxf6 Bxf6
21. Ba6 Rxd1+ 22. Rxd1 Rd8 23. Rxd8+ Bxd8 24. Bxb7+ Qxb7 25. Qc4 Bc7 26. g3 Qc6
27. Kc1 Kb7 28. Kd2 Kb6 29. h4 f5 30. Ke3 fxe4 31. Qxe4 Qd5 32. b3 a4 33. g4
axb3 34. axb3 Kc6 35. Qg6 Qd7 36. g5 hxg5 37. fxg5 Qd6 38. Ke2 Qd5 39. h5 Bf4
40. h6 gxh6 41. gxh6 Bxh6 42. Qxh6 Qe4+ 43. Qe3 Qxc2+ 44. Nd2 Qf5 45. Qf3+ Qd5
46. Nc4 Kc7 47. Qf4+ Kc6 48. Kf2 Kb7 49. Qd6 Qf5+ 50. Ke2 Qg4+ 51. Kd2 Qg2+ 52.
Kc1 Qh1+ 53. Qd1 Qh6+ 54. Qd2 Qh1+ 55. Kb2 Qd5 56. Qe2 Qd4+ 57. Ka2 Qd5 58. Qg4
Kc7 59. Qg7+ Kc6 60. Kb2 Qd1 61. Qg2+ Qd5 62. Qh2 Qd4+ 63. Ka2 Qd5 64. Qb8 Qg2+
65. Nb2 Qe2 66. Qc8+ Kd6 67. Qd8+ Ke5 68. Qg5+ Kd6 69. Qg3+ Kc6 70. Kb1 Qf1+
71. Kc2 Qe2+ 72. Kc1 Qe4 73. Nc4 Qd4 74. Kc2 Qe4+ 75. Kd2 Qd4+ 76. Ke2 Qd5 77.
Qg4 Kc7 78. Ke3 Kb7 79. Qg7+ Kc6 80. Qf6 Kc7 81. Qe5+ Kb7 82. Qe4 Kc6 83. Kf4
Kc7 84. Qh7+ Kc6 85. Qg6 Kc7 86. Qg7+ Kd8 87. Ke3 Ke8 88. Qf6 Qc6 {[%tqu "De",
"Wie zerbrach Kamsky die schwarze Mauer?","","","f6f7","",4]} 89. Qf7+ $1 {
Erzwingt praktisch den Damentausch, wonach die schwarzen Wälle unhaltbar
werden:} Kd8 (89... Kxf7 90. Ne5+ Ke7 91. Nxc6+ Kd6 92. Na5 Kd5 93. Nc4 e5 94.
Kd3 e4+ 95. Ke3 $18) 90. Qf8+ Kc7 91. Qe7+ Kb8 (91... Kc8 92. Nd6+ Kb8 93. Qxe6
{und Weiß gewinnt, z.B.} Kc7 94. Ne8+ Kb6 95. Qxc6+ Kxc6 96. Kd3 Kd5 97. Nf6+
Ke6 98. Kc4 Kxf6 99. Kxc5 $18) 92. Qd6+ (92. Qd6+ Qxd6 93. Nxd6 Kc7 94. Nc4 Kd8
95. Kf4 Kd7 96. Ke5 Ke7 97. Nb6 Kf7 98. Na4 c4 99. bxc4 Ke7 100. Nc5 Kf7 101.
Nxe6 b3 102. Ng5+ Ke7 103. Ne4 b2 104. Nd2 Kd7 105. Kd5 Kc7 106. Kc5 Kb7 107.
Kd6 Kc8 108. c5 Kd8 109. c6 Kc8 110. c7 Kb7 111. Kd7 $18) 1-0

[Event "Dos Hermanas Internet f 7th"]
[Site "ICC INT"]
[Date "2006.03.24"]
[Round "1.1"]
[White "Esquivel, Luis Enrique"]
[Black "Kamsky, Gata"]
[Result "0-1"]
[WhiteElo "2212"]
[BlackElo "2686"]
[PlyCount "126"]
[EventDate "2006.03.24"]
[EventType "k.o. (blitz)"]
[EventRounds "5"]
[EventCountry "ESP"]
[SourceTitle "CBM 111 Extra"]
[Source "ChessBase"]
[SourceDate "2006.05.09"]
[SourceVersion "1"]
[SourceVersionDate "2006.05.09"]
[SourceQuality "1"]

1. e4 b6 2. d4 Bb7 3. Bd3 g6 4. Nc3 Bg7 5. Nge2 d6 6. O-O e6 7. f4 Nd7 8. Be3
Ngf6 9. Ng3 h5 10. f5 gxf5 11. exf5 e5 12. Re1 Qe7 13. Bg5 h4 14. Nge4 O-O-O
15. d5 Kb8 16. b4 Bh6 17. Bxh6 Rxh6 18. a4 Nxd5 19. Nxd5 Bxd5 20. a5 Nf6 21.
axb6 cxb6 22. c4 Bc6 23. Qb3 h3 24. g3 d5 25. Nxf6 Rxf6 26. c5 e4 27. Bf1 Rxf5
28. cxb6 axb6 29. Bxh3 Rf6 30. b5 Qc5+ 31. Kh1 Bxb5 32. Rec1 Bc4 33. Qa4 Kc7
34. Qa7+ Kd6 35. Rxc4 Qxc4 36. Qxb6+ Ke5 37. Qxd8 Qc5 38. Qb8+ Rd6 39. Qh8+ f6
40. Rf1 Qb6 41. Qh5+ Kd4 42. Qf5 e3 43. Rf4+ Kc3 44. Rf1 Qb2 45. Bg2 Qd2 46.
Qb1 e2 47. Rc1+ Kd4 48. Re1 Ke3 49. Qb3+ Kf2 50. Rg1 Qe3 51. Qxe3+ Kxe3 52. Re1
Kf2 53. Ra1 d4 54. h4 d3 55. h5 d2 56. h6 d1=Q+ 57. Rxd1 exd1=Q+ 58. Kh2 Qh5+
59. Bh3 Qxh6 60. g4 Rd2 61. g5 Qh4 62. gxf6 Qg3+ 63. Kh1 Qg1# 0-1

[Event "Dos Hermanas Internet f 7th"]
[Site "ICC INT"]
[Date "2006.03.24"]
[Round "1.2"]
[White "Kamsky, Gata"]
[Black "Esquivel, Luis Enrique"]
[Result "1/2-1/2"]
[WhiteElo "2686"]
[BlackElo "2212"]
[PlyCount "100"]
[EventDate "2006.03.24"]
[EventType "k.o. (blitz)"]
[EventRounds "5"]
[EventCountry "ESP"]
[SourceTitle "CBM 111 Extra"]
[Source "ChessBase"]
[SourceDate "2006.05.09"]
[SourceVersion "1"]
[SourceVersionDate "2006.05.09"]
[SourceQuality "1"]

1. d4 e6 2. e4 d5 3. Nc3 Nf6 4. e5 Nfd7 5. f4 c5 6. Nf3 Nc6 7. Be3 cxd4 8. Nxd4
Bc5 9. Qd2 a6 10. a3 O-O 11. g3 Nxd4 12. Bxd4 b5 13. Bxc5 Nxc5 14. Qd4 Qc7 15.
Bd3 f6 16. exf6 Rxf6 17. O-O Bb7 18. Rae1 Raf8 19. Nd1 Nxd3 20. cxd3 Qf7 21.
Ne3 a5 22. b4 axb4 23. axb4 Qg6 24. Ng2 Bc8 25. Re5 Bd7 26. Nh4 Qf7 27. Nf3 h6
28. h4 Qg6 29. Kh2 Be8 30. Qe3 Bf7 31. Nd4 Ra8 32. Rf2 Ra3 33. Rd2 Qg4 34. Nxb5
Ra1 35. Nd4 Rf1 36. Rf2 Rd1 37. Qf3 Qxf3 38. Rxf3 Rb1 39. b5 Rb4 40. Nc6 Rxb5
41. Rfe3 Rb2+ 42. Re2 Rb3 43. R2e3 Rb2+ 44. Re2 Rb3 45. R5e3 Bh5 46. Rd2 Bg4
47. Ne5 h5 48. Nxg4 hxg4 49. Re5 Kf7 50. Kg2 Rf5 1/2-1/2